Statistics for Denver Nuggets Top 10 Leaders Playoffs

Click here to take the quiz!

General Stats

  • This quiz has been taken 81 times
    (17 since last reset)
  • The average score is 11 of 24

Answer Stats

Players% Correct
Nikola Jokić
100%
Carmelo Anthony
100%
Alex English
92%
Jamal Murray
85%
Dikembe Mutombo
85%
David Thompson
69%
Dan Issel
62%
Chauncey Billups
62%
Fat Lever
62%
Paul Millsap
46%
Marcus Camby
46%
Andre Miller
38%
JaVale McGee
38%
Kenyon Martin
23%
Danny Schayes
23%
Bill Hanzlik
23%
Mike Evans
15%
Blair Rasmussen
15%
Nene Hilario
15%
Monte Morris
15%
Chris Andersen
15%
Wayne Cooper
8%
Calvin Natt
8%
T.R. Dunn
8%

Score Distribution

Percentile by Number Answered

Percent of People with Each Score

Your Score History

You have not taken this quiz since the last reset